Fundamentals of Investment (Record no. 610702)

000 -LEADER
fixed length control field 00448nam a22001577a 4500
020 ## - INTERNATIONAL STANDARD BOOK NUMBER
International Standard Book Number 9788120321267
040 ## - CATALOGING SOURCE
Transcribing agency Nust
082 ## - DEWEY DECIMAL CLASSIFICATION NUMBER
Classification number 658.1554
Author Mark ALE
100 ## - MAIN ENTRY--PERSONAL NAME
Personal name Gordon J. Alexander
9 (RLIN) 124930
110 ## - MAIN ENTRY--CORPORATE NAME
Corporate name or jurisdiction name as entry element William F. Sharp, Jeffery V. Bailey
9 (RLIN) 124931
245 ## - TITLE STATEMENT
Title Fundamentals of Investment
250 ## - EDITION STATEMENT
Edition statement 3rd Edition
260 ## - PUBLICATION, DISTRIBUTION, ETC.
Place of publication, distribution, etc. New Delhi:
Name of publisher, distributor, etc. Prentice Hall India,
Date of publication, distribution, etc. 2003.
650 ## - SUBJECT ADDED ENTRY--TOPICAL TERM
Topical term or geographic name entry element Fundamentals of Investment
9 (RLIN) 122702
942 ## - ADDED ENTRY ELEMENTS (KOHA)
Source of classification or shelving scheme
Koha item type Book

No items available.

© 2023 Central Library, National University of Sciences and Technology. All Rights Reserved.